|
|
|
|
| LEADER |
00923pam a22002658a 4500 |
| 001 |
00026717 |
| 005 |
20171026081025.0 |
| 008 |
110817s2003 ||||||viesd |
| 020 |
|
|
|c 4000
|
| 041 |
0 |
# |
|a vie
|
| 082 |
1 |
4 |
|a 371.33
|b H561D
|
| 100 |
1 |
# |
|a Nguyễn Huỳnh Liễu
|
| 245 |
1 |
0 |
|a Hướng dẫn tự làm thiết bị dạy học môn tự nhiên và xã hội bằng nguyên liệu rẻ tiền
|c Nguyễn Huỳnh Liễu
|
| 250 |
# |
# |
|a Tái bản lần thứ 3
|
| 260 |
# |
# |
|a H.
|b Giáo dục
|c 2003
|
| 300 |
# |
# |
|a 119 tr.
|b hình vẽ
|c 21 cm.
|
| 650 |
# |
4 |
|a Giáo cụ
|
| 650 |
# |
4 |
|a Phương pháp giảng dạy
|
| 650 |
# |
4 |
|a Thiết bị
|
| 650 |
# |
4 |
|a Tự nhiên
|
| 650 |
# |
4 |
|a Xã hội
|
| 852 |
# |
# |
|b Kho đọc
|j KD.0010902
|
| 852 |
# |
# |
|j KD.0010902
|
| 910 |
|
|
|d 17/08/2011
|
| 980 |
# |
# |
|a Trung tâm Học liệu Lê Vũ Hùng, Trường Đại học Đồng Tháp
|